| 000 | 00931cam a2200289 a 4500 | ||
|---|---|---|---|
| 001 | 000019349 | ||
| 005 | 20200929170006.0 | ||
| 008 | 840313s1969 sp 001 d spa d | ||
| 040 |
_aDO-SdBNP _cCarP _dDLC |
||
| 082 |
_a862.62 _bU54ó, 1969 |
||
| 100 | 1 |
_aUnamuno, Miguel de, _d1864-1936. _96254 |
|
| 245 | 1 | 3 |
_aEl otro : _bel hermano Juan / _cMiguel de Unamuno. |
| 246 | 3 | 3 | _aEl hermano Juan |
| 250 | _a3a ed. | ||
| 260 |
_aMadrid : _bEspasa-Calpe, _c1969. |
||
| 300 |
_a144 p. ; _c18 cm. |
||
| 490 | 1 |
_aAustral. Violeta: teatro y poesía _v647 |
|
| 500 | _aIncluye índice de autores. | ||
| 590 | _aPerteneció a la biblioteca personal de Juan Isidro Jimenes Grullón | ||
| 650 | 4 |
_aTeatro español _93071 |
|
| 650 | 4 |
_aLiteratura española _9632 |
|
| 740 | 3 | _aEl hermano Juan | |
| 830 | 0 |
_aAustral. _pVioleta: teatro y poesía; _v647 _939559 |
|
| 910 | _aCatalogación derivada / LC | ||
| 910 | _aWM | ||
| 049 | _aBNGR | ||
| 999 |
_c18866 _d18866 |
||